1097 1232 1294 1736 1312 1224 1703 1108 1688 1288 1879 1893 1098 1209 1900 1640 1147 1307 1555 1274 1853 1862 1832 1845 1206 1499 1949 1090 1169 1206 1971 1064 1717 1559 1416 1139 1332 1825 1972 1683 1801 1262 1574 1796 1652 1811 1847 1740 1247 1836 1131 1932 1976 1627 1424 1124 1492 1975 1739 1808 1771 1013 1494 1180 1051 1404 1992 1646 1091 1914 1583 1741 1425 1140 1484 1554 1567 1872 1320 1802 1069 1554 1541 1027 1473 1147 1980 1131 1603 1567 1220 1342 1689 1849 1266 1380 1857 1396 1135 BCNSPRNW ULIB Ver.6.0+V

เปลี่ยนเป็นภาษาไทย

Change to English
 แสดงรายละเอียดบรรณานุกรม
  กลับหน้าหลัก

Brief Record : Get Marc (ISO 2709) : E-mail record : QR code < ปิดหน้าต่าง
LEADER : 00000nam 2200000uu 4500
001    13399121048
003     ULIB
008    121101s2549||||th 000 0 tha d
020    ^a9749181174
050  4 ^aTX528^bส788ม
100 0  ^aสุทัศน์ ยกส้าน
245 00 ^aมหัศจรรย์แห่งพืช/^cสุทัศน์ ยกส้าน
250    ^aพิมพ์ครั้งที่ 2
260    ^aกรุงเทพฯ:^bปาเจรา,^c2549
300    ^a120 หน้า:^bภาพประกอบ
650  7 ^aพืช
650  7 ^aพฤกษศาสตร์
700 0  ^aจันทร์ เอี่ยมเจริญยิ่ง,^eบรรณาธิการ
945    ^p150^l0^i17821
995    ^aทศพร
999    ^aกัณชพร
รายการนี้ยังไม่มีแท็ก
คุณยังไม่ได้ล็อกอิน คุณสามารถมีกิจกรรมร่วมกับเว็บไซต์ได้ แต่ต้องล็อกอินก่อน ::
  ล็อกอิน

รายการสื่อสารสนเทศ

ลำดับที่ ประเภท เลขเรียก/บาร์โค้ด สถานที่ สถานะ
1. วิทยาศาสตร์การแพทย์ และสุขภาพ
วิทยาศาสตร์การแพทย์ และสุขภาพ
TX528 ส788ม ฉ.1 
  Barcode: 17821
ห้องสมุดวิทยาเขตสวรรค์ประชารักษ์
►หนังสือทั่วไป
บนชั้น

รายการใกล้เคียง
    ผู้แต่ง [สุทัศน์ ยกส้าน]

    หัวเรื่อง [พืช]
    หัวเรื่อง [พฤกษศาสตร์]

BibComment


ยังไม่เคยถูกคอมเมนท์

คอมเมนท์ทรัพยากรรายการนี้
  คอมเมนท์: มหัศจรรย์แห่งพืช..


 Copyright 2026. Bcnsprnw @Library